COSAS QUE ME GUSTAN (Registro nro. 68483)
[ vista simple ]
| 000 -LEADER | |
|---|---|
| fixed length control field | 00375nac a2200133zu 4500 |
| 008 - FIXED-LENGTH DATA ELEMENTS--GENERAL INFORMATION | |
| fixed length control field | 260114s1992 ck a|||ar|||| 000 0 spa d |
| 020 ## - INTERNATIONAL STANDARD BOOK NUMBER | |
| Linkage | 968-16-3779-8 |
| 082 ## - DEWEY DECIMAL CLASSIFICATION NUMBER | |
| Edition number | I/813 |
| Linkage | B/772 |
| Field link and sequence number | C/67 |
| 100 ## - MAIN ENTRY--PERSONAL NAME | |
| Linkage | ANTHONY BROWNE |
| 245 ## - TITLE STATEMENT | |
| Title | COSAS QUE ME GUSTAN |
| 260 ## - PUBLICATION, DISTRIBUTION, ETC. | |
| Place of publication, distribution, etc. | MÉXICO: |
| Name of publisher, distributor, etc. | FONDO DE CULTURA ECONÓMICA |
| Date of publication, distribution, etc. | 2011 |
| 300 ## - PHYSICAL DESCRIPTION | |
| Extent | 20 páginas; |
| Dimensions | 18.1 cm x 15.8 cm |
| 942 ## - ADDED ENTRY ELEMENTS (KOHA) | |
| Source of classification or shelving scheme | Dewey Decimal Classification |
| Koha item type | General Infantil |
| Withdrawn status | Lost status | Source of classification or shelving scheme | Damaged status | Not for loan | Collection code | Home library | Current library | Date acquired | Source of acquisition | Total Checkouts | Full call number | Date last seen | Price effective from | Koha item type |
|---|---|---|---|---|---|---|---|---|---|---|---|---|---|---|
| Material Descartado | Dewey Decimal Classification | Material No Para Préstamo | General Infantil | BIBLIOTECA PÚBLICA CENTRAL ESTATAL “FRANCISCO CERVANTES” | BIBLIOTECA PÚBLICA CENTRAL ESTATAL “FRANCISCO CERVANTES” | 01/14/2026 | DONADO | I/813/B772 C67 1992 R4 | 01/14/2026 | 01/14/2026 | General Infantil |